| 000 | 01202cam a2200325 4500 | ||
|---|---|---|---|
| 008 | #DATE n2003 000 0 eng u | ||
| 020 | _a1853411299 | ||
| 035 | _a(Sirsi) u120150 | ||
| 041 | _aeng | ||
| 050 |
_a333.335 _c18 |
||
| 100 | _aNix, John | ||
| 245 | _aLand and estate management | ||
| 250 | _a4th ed. | ||
| 260 |
_aChichester _bPackard _c2003 |
||
| 300 |
_aviii, 256p. _c21cm. |
||
| 350 | _a19.99 | ||
| 520 | _aThis updated fourth edition provides an overview of land managerial topics for those starting work on farms, estates and land agency. Aimed at practitioners and also students preparing for their chartered surveyor exams. Chapters on land ownership; managing a rural estate; types of land tenure and tenure legislation; farm rents; planning legislation; agriculture and the environment; taxation of capital. | ||
| 520 | _aSupersedes third edition (ISBN 1853411116) | ||
| 650 | _aAGRICULTURAL HOLDINGS | ||
| 650 | _aCONSERVATION | ||
| 650 | _aFARMING | ||
| 650 | _aFORESTRY | ||
| 650 | _aLAND OWNERSHIP | ||
| 650 | _aRIGHTS OF WAY | ||
| 690 |
_aRURAL _96268 |
||
| 700 | _aHill, Paul | ||
| 700 | _aWilliams, Nigel | ||
| 700 | _aBough, Jenny | ||
| 942 | _n0 | ||
| 999 |
_c102485 _d102485 |
||